Представление документа в формате RUSMARC

ПолеНазваниеЗначение
  Тип записи a
  Библиографический уровень a
001 Контрольный номер UONB/MAIN/48f1a471111442b2b4273e1f0fcdd7e2
005 Дата корректировки 20260425165332.6
100 Данные общей обработки __
a Данные общей обработки 20260425 ||| 0rusy0189 ca
101 Язык документа 0_
a Язык текста rus
102 Страна публикации __
a Страна публикации RU
200 Заглавие и сведения об ответственности 1_
a Заглавие В стихию, в голос, в тишину...
e Сведения, относящиеся к заглавию стихи
f Первые сведения об ответственности П. Щербаков
203 Вид содержания и тип средства __
a Вид содержания Текст
b Характеристика содержания визуальный
c Тип средства непосредственный
327 Примечание о содержании 01
a Примечание о содержании Не ремесло и не игра...
a Примечание о содержании Опять о том же, о невыразимом...
a Примечание о содержании Вспоминаю: с тобой в глухомани...
a Примечание о содержании Как себя порою жалко...
a Примечание о содержании За окошком снега и снега...
a Примечание о содержании Обаянье. Спасет обаянье?
461 Уровень набора _0
1 2000
a Москва
1 011
a 0131-2332
463 Уровень физической единицы _0
1 2000
a № 4
v С. 60-62
1 2101
d 2026
1 001UONB/MAIN/6d325bd886904b3a98c3ff0a81559958
517 Другие варианты заглавия 1_
a Другие варианты заглавия Не ремесло и не игра...
517 Другие варианты заглавия 1_
a Другие варианты заглавия Опять о том же, о невыразимом...
517 Другие варианты заглавия 1_
a Другие варианты заглавия Вспоминаю: с тобой в глухомани...
517 Другие варианты заглавия 1_
a Другие варианты заглавия Как себя порою жалко...
517 Другие варианты заглавия 1_
a Другие варианты заглавия За окошком снега и снега...
517 Другие варианты заглавия 1_
a Другие варианты заглавия Обаянье. Спасет обаянье?
606 Тематические рубрики 0_
a Основная рубрика Художественная литература
606 Тематические рубрики 0_
a Основная рубрика Современная русская литература (произведения)
610 Ключевые слова 0_
a Ключевые слова стихи
610 Ключевые слова 0_
a Ключевые слова тема философских размышлений
610 Ключевые слова 0_
a Ключевые слова тема воспоминаний
610 Ключевые слова 0_
a Ключевые слова тема взаимоотношений мужчины и женщины
610 Ключевые слова 0_
a Ключевые слова тема любви в поэзии
610 Ключевые слова 0_
a Ключевые слова тема поиска справедливости
686 Индексы других классификаций __
2 Код системы rubbk
700 Автор _1
a Фамилия Щербаков
b Имя (инициалы) П.
g Полное личное имя Павел
4 Код отношения 070
801 Источник записи _0
a Страна RU
b Организация Ульяновская ОНБ
c Дата составления 20260425
g Правила каталогизации RCR
801 Источник записи _1
a Страна RU
b Организация Ульяновская ОНБ
c Дата составления 20260425
g Правила каталогизации RCR
901 Тип документа __
t Тип документа b
w Контрольный № источника UONB/MAIN/6d325bd886904b3a98c3ff0a81559958